| 000 | 00530cam a2200145 4500500 | ||
|---|---|---|---|
| 005 | 20260208005512.0 | ||
| 041 | _afre | ||
| 042 | _adc | ||
| 100 | 1 | 0 |
_aCochet, François _eauthor |
| 245 | 0 | 0 | _aElizabeth Greenhalgh, Foch in Command. The Forging of a First World War General. Cambridge, CUP, 2011, 548 p. |
| 260 | _c2014. | ||
| 500 | _a13 | ||
| 786 | 0 | _nRevue historique | 669 | 1 | 2014-01-15 | p. 248p-249p | 0035-3264 | |
| 856 | 4 | 1 | _uhttps://shs.cairn.info/revue-historique-2014-1-page-248p?lang=fr&redirect-ssocas=7080 |
| 999 |
_c1652464 _d1652464 |
||